عرض عادي عرض مارك
  • الزركشي، محمد بن بهادر بن عبد الله،

مدخل إسم شخص

عدد التسجيلات المستخدمة في: 5

001 - رقم الضبط

  • حقل الضبط: 843

003 - معرف رقم الضبط

  • حقل الضبط: OSt

005 - تاريخ ووقت أخر عملية

  • حقل الضبط: 20110710135727.0

008 - عناصر بيانات ثابتة الطول

  • حقل تحكم ثابت الطول: 110710|||a|||||| | ||| d

040 ## - مصدر الفهرسة

  • هيئة الفهرسة الأصلية: OSt
  • وكالة الكتابة: OSt

100 ## - مدخل -- أسم شخص

  • إسم شخص: الزركشي، محمد بن بهادر بن عبد الله،
  • تواريخ مرتبطة بالاسم: 745-794هـ.

670 ## - بيانات المصدر موجوده

  • الاستشهاد بالمصدر: Work cat.: (OSt)1587: الزركشي، محمد بن بهادر بن عبد الله، 745-794هـ., البرهان في علوم القرآن /, 19-؟